Capitals of the Thirteen Colonies - Statistics

General Stats
  • This quiz has been taken 252 times
  • The average score is 9 of 19
Answer Stats
State Capital % Correct
Massachusetts Boston
95%
New York New York
95%
Pennsylvania Philadelphia
92%
Connecticut Hartford
89%
Rhode Island Providence
87%
South Carolina Charlestown
81%
Georgia Savannah
80%
Maryland Annapolis
79%
Connecticut New Haven
66%
Rhode Island Newport
51%
Virginia Williamsburg
29%
Delaware New Castle
19%
North Carolina New Bern
16%
New Jersey Burlington
14%
Rhode Island Bristol
10%
New Hampshire Exeter
8%
New Jersey Perth Amboy
8%
Rhode Island South Kingstown
8%
Rhode Island East Greenwich
3%
No matching quizzes found
Score Distribution
Percent of People with Each Score
Percentile by Number Answered
Your Score History
You have not taken this quiz